| 000 | 00554nam a22001817a 4500 | ||
|---|---|---|---|
| 005 | 20231128121712.0 | ||
| 008 | 231128b |||||||| |||| 00| 0 eng d | ||
| 020 | _a070212754 X ; 0702134457 | ||
| 041 | _aEnglish | ||
| 082 | _a340.1 DEV | ||
| 100 |
_aDevenish, GE _lEnglish |
||
| 245 |
_aInterpretation of Statutes / _cGE Devenish |
||
| 250 | _aFirst Edition | ||
| 260 |
_aCape Town : _bJuta and Company Ltd, _c1992 |
||
| 300 |
_blvii, 298 pages ; _c25,5 cm. |
||
| 650 |
_aLegal practice _bLaw |
||
| 942 |
_cBK _6ALISON_BN_VRIES |
||
| 999 |
_c1005 _d1005 |
||